Bình minh Ba Tơ
Hồi ức về những sự kiện và quá trình xây dựng căn cứ, xây dựng lực lượng, tham gia cuộc khởi nghĩa của đông đảo anh em trong đội du kích cứu quốc Ba Tơ
Salvato in:
| Autore principale: | |
|---|---|
| Natura: | Libro |
| Lingua: | Undetermined |
| Pubblicazione: |
Hà Nội
Quân đội nhân dân
2001
|
| Soggetti: | |
| Tags: |
Aggiungi Tag
Nessun Tag, puoi essere il primo ad aggiungerne! !
|
| Thư viện lưu trữ: | Trung tâm Học liệu Trường Đại học Cần Thơ |
|---|
| LEADER | 00794nam a2200205Ia 4500 | ||
|---|---|---|---|
| 001 | CTU_64568 | ||
| 008 | 210402s9999 xx 000 0 und d | ||
| 020 | |c 21000 | ||
| 082 | |a 895.922 | ||
| 082 | |b Đ454 | ||
| 100 | |a Nguyễn, Đôn | ||
| 245 | 0 | |a Bình minh Ba Tơ | |
| 245 | 0 | |c Nguyễn Đôn [...et al] | |
| 260 | |a Hà Nội | ||
| 260 | |b Quân đội nhân dân | ||
| 260 | |c 2001 | ||
| 520 | |a Hồi ức về những sự kiện và quá trình xây dựng căn cứ, xây dựng lực lượng, tham gia cuộc khởi nghĩa của đông đảo anh em trong đội du kích cứu quốc Ba Tơ | ||
| 650 | |a Vietnamese literature | ||
| 904 | |i Trang (sửa) | ||
| 980 | |a Trung tâm Học liệu Trường Đại học Cần Thơ | ||